| 000 | 00593nam a2200229Ia 4500 | ||
|---|---|---|---|
| 003 | OSt | ||
| 005 | 20221007071813.0 | ||
| 006 | a|||||r|||| 00| 0 | ||
| 007 | ta | ||
| 008 | 221006b |||||||| |||| 00| 0 eng d | ||
| 024 | _a18,245 | ||
| 037 | _cTextual | ||
| 040 |
_aFLL _cFLL _beng |
||
| 041 |
_2eng _aeng |
||
| 082 | _aZbv5:M4, A | ||
| 100 |
_aForsyth W. Au. _9689463 |
||
| 245 | 0 | _aHortensius | |
| 260 |
_aLondon _bJohn murray albemarle street England _c1879 |
||
| 300 |
_a412p _ccm. |
||
| 942 |
_hZbv5:M4, A _cTEXL _2CC |
||
| 999 |
_c1144375 _d1144375 |
||